000 00427pab a2200157 454500
008 180718b2008 xxu||||| |||| 00| 0 eng d
100 _aKhaitan, Tarunabh
245 _aBeyong reasonableness - a rigorous standard of review for article 15 infringment
260 _c2008
300 _ap.177-208.
362 _aApr-Jun
650 _aHuman rights
773 _aJournal of Indian Law Institute
908 _aN
909 _a79355
999 _c79355
_d79355